000 00358pab a2200145 454500
008 180718b2000 xxu||||| |||| 00| 0 eng d
100 _aMurray, Tonita
245 _aPolice and the challenge of the twenty first century
260 _c2000
300 _ap.6-18
650 _aPolice - 21st century
650 _aPolice
773 _aGazette
909 _a44890
999 _c44890
_d44890